Antropología urbana /

Obra estructurada en dos grandes apartados. En el primero se aborda la naturaleza y propuestas teóricas de la antropología urbana, mientras que la segunda centra su atención en los movimientos sociales y el papel que están jugando frente a los cambios que se producen en las ciudades y en el mundo.

Na minha lista:
Detalhes bibliográficos
Autor principal: Cucó Giner, Josepa (autor)
Formato: Livro
Idioma:espanhol
Publicado em: Barcelona, España : Ariel, 2004, c2004
Colecção:(Ariel Antropología)
Assuntos:
Tags: Adicionar Tag
Sem tags, seja o primeiro a adicionar uma tag!

MARC

LEADER 00000nam^a2200000^a^4500
001 000185748
005 20250521000000.0
009 20260310102202
020 |a 84-344-2222-0 
037 |a Acervo ITESO - Biblioteca 
041 |a ESP 
082 |a 307. 76  |b CUC 
100 |a Cucó Giner, Josepa  |e (autor) 
245 1 0 |a Antropología urbana /  |c J. Cucó Giner. 
264 4 |a Barcelona, España :  |b Ariel,  |c 2004, c2004 
300 |a 244 p. 
336 |a texto  |b txt  |2 rdacontenido 
337 |a sin mediación  |b n  |2 rdamedio 
338 |a volumen  |b nc  |2 rdasoporte 
440 1 |a (Ariel Antropología) 
520 |a Obra estructurada en dos grandes apartados. En el primero se aborda la naturaleza y propuestas teóricas de la antropología urbana, mientras que la segunda centra su atención en los movimientos sociales y el papel que están jugando frente a los cambios que se producen en las ciudades y en el mundo. 
649 |a XX 
650 |a Ciudad (Concepto) 
650 |a Espacio Urbano 
650 |a Globalización 
650 |a Cambios Sociales y Culturales 
650 |a Mestizaje 
650 |a Negociación y Mediación 
650 |a Movimientos Sociales 
650 |a Antropología Cultural 
650 |a Sociología Urbana -  |x Teoría 
910 |a Fondo General 
920 |a Impresos - Libros 
930 |a Colección General 
905 |a 101 
901 |a 0500127111  |b IT1  |c ACC  |u 20250521 
901 |a 0500127117  |b IT1  |c ACC  |u 20250521 
902 |a https://opac.biblio.iteso.mx/vufind/Record/000185748